| 000 | 00398nam a22001457a 4500 | ||
|---|---|---|---|
| 999 |
_c7520 _d7518 |
||
| 005 | 20210306103545.0 | ||
| 008 | 210306b ||||| |||| 00| 0 eng d | ||
| 082 | _a346.066 | ||
| 100 |
_aAIYAR, A.N _96466 |
||
| 245 | _aCOMPANY CASES :INCLUDING CASES ON BANKING AND INSURENCE [VOL-17] | ||
| 260 |
_aMADRAS _bTHE COMPANY LAW INSTITUTE _c1947 |
||
| 300 | _aI-44,P | ||
| 650 |
_aLAW _95701 |
||
| 942 | _cJRL | ||